000 00355 a2200133 4500
245 _asong flung up to heaven
_hprint
020 _a0375507477 (alk. pap
250 _a1st ed.
700 _aAngelou, Maya.
005 20191017171956.0
260 _anyu
_bRandom House
_cc2002
084 _aPS3551.N464 Z476 2002
300 _a212 p.
_b 22 cm.
_c212 p. ; 22 cm.
500 _aMaya Angelou.
999 _c8264
_d8264